| 000 | nam a22 7a 4500 | ||
|---|---|---|---|
| 999 |
_c7166 _d7166 |
||
| 003 | OSt | ||
| 005 | 20181023165440.0 | ||
| 008 | 181023s2018 spca||||||||| 000 0 spa|d | ||
| 017 |
_aDL B 21703-2018 _bBiblioteca de Catalunya |
||
| 020 | _a9788409041671 | ||
| 040 |
_aES-BaUAB _bcat _cCDMR |
||
| 100 | 1 |
_aAldekoa, Xavier, _d1981- |
|
| 245 | 1 | 0 |
_aÁfrica adentro _c/ conversación entre Xavier Aldekoa y Alfonso Armada ; ilustraciones de Cinta Fosch |
| 260 |
_a[Barcelona] : _bColectivo 5W, _c2018 |
||
| 300 |
_a144 p. : _bil ; _c16 cm |
||
| 651 | 4 |
_aÀfrica _xCondicions socials _yS. XXI |
|
| 651 | 4 |
_aÀfrica _xPolítica i govern _yS. XXI |
|
| 700 | 1 |
_aArmada, Alfonso, _d1958- |
|
| 942 | _cMON | ||